000
00316nam a22001217a 4500
008
230620b xxu||||| |||| 00| 0 eng d
082
_a
320.94
_b
NOU
100
_c
Jaakko Nousiainen
245
_a
The Finnish Political System
260
_a
Cambridge
_b
Harvard University press
_c
1971
300
_a
454p
942
_2
ddc
_c
BK
999
_c
1657
_d
1657